Definiciones prácticas acerca de la estructura del comercio internacional
Enregistré dans:
| Auteur principal: | |
|---|---|
| Format: | Livre |
| Langue: | espagnol |
| Publié: |
Santiago
LexisNexis
2005
|
| Édition: | 1a. ed |
| Sujets: | |
| Tags: |
Ajouter un tag
Pas de tags, Soyez le premier à ajouter un tag!
|
MARC
| LEADER | 00000nam a2200000 a 4500 | ||
|---|---|---|---|
| 001 | UCK8087 | ||
| 003 | CL-VaPUC | ||
| 008 | 060113e20050000CL |||||||||||||||||spa|d | ||
| 020 | |a 956238568X | ||
| 082 | 0 | 4 | |a 658.18 |b RET |2 21 |
| 100 | 0 | |a Retamales Pizarro, Luis |e author |9 497891 | |
| 245 | 1 | 0 | |a Definiciones prácticas acerca de la estructura del comercio internacional |
| 250 | |a 1a. ed | ||
| 300 | |a 384 p | ||
| 942 | |c BK | ||
| 945 | |d 20060113 00:00:00 |a jtorresc | ||
| 260 | |a Santiago |b LexisNexis |c 2005 | ||
| 650 | 7 | |a COMERCIO INTERNACIONAL |2 CL-VaPUC |9 497892 | |
| 650 | 0 | |a Negocios internacionales |9 497893 | |
| 650 | 7 | |a ESTRUCTURA POLITICA |2 CL-VaPUC |9 397572 | |
| 650 | 0 | |a Relaciones Internacionales |9 255740 | |
| 583 | |a last modification |c 20060113 00:00:00 |k Rodrigo Vera | ||
| 999 | |c 315911 |d 315909 | ||
| 952 | |0 0 |1 0 |4 0 |6 658_180000000000000_RET_2005 |7 0 |8 A |9 389772 |a BIBDER |b BIBDER |d 2019-11-22 |i 4200977 |o 658.18 RET 2005 |p 4200977 |r 2023-01-25 |w 2019-11-22 |y BK |k DER | ||